000 00551nam a2200181Ia 4500
003 GCL
008 140319s9999 xx 000 0 ara d
040 _aGCL /
_cGCL
082 0 4 _a301.18028
_bش د
100 1 _aشاميانية
245 1 0 _aدراسات تطبيقية فى البحث الاجتماعى /
_cشاميانية
700 1 _aلونواز- ميرلية
260 _a[S.N] :
_bالمؤسسة الحديثة للكتاب ،
_c1993
300 _a231 ص
490 _a
650 0 4 _aالبحث الاجتماعى
942 _2ddc
_cBK
999 _c58366
_d58366